Prístupy ku krízovému riadeniu v podniku

Snaha podnikového manažmentu vykonávať opatrenia, aby predchádzal dopadom hospodárskych kríz. Prístupy ku krízovému riadeniu podniku. Dva základné prístupy k riešeniu krízy podľa R. Heatha. Zvládanie prvkov krízového manažmentu ako jedna zo základných kompetencií manažéra. Krízové plány a význam krí...

Celý popis

Uložené v:
Podrobná bibliografia
Hlavný autor: Vaňková, Dana
Médium: Kapitola
Jazyk:Slovak
Predmet:
Tagy: Pridať tag
Žiadne tagy, Buďte prvý, kto otaguje tento záznam!

MARC

LEADER 00000nla$a2200000$$$4500
001 0143373
005 20240502072554.9
041 0 |a slo 
044 |a SK 
245 1 0 |a Prístupy ku krízovému riadeniu v podniku  |c Dana Vaňková 
520 |a Snaha podnikového manažmentu vykonávať opatrenia, aby predchádzal dopadom hospodárskych kríz. Prístupy ku krízovému riadeniu podniku. Dva základné prístupy k riešeniu krízy podľa R. Heatha. Zvládanie prvkov krízového manažmentu ako jedna zo základných kompetencií manažéra. Krízové plány a význam krízového plánovania. 
610 2 0 |a riadenie podnikové 
610 2 0 |a kríza 
610 2 0 |a kríza hospodárska 
610 2 0 |a manažment krízový 
610 2 0 |a plánovanie 
100 1 |a Vaňková, Dana